DIE DREI VERSIONEN DES APOKRYPHON DES JOHANNES IM KOPTISCHEN MUSEVM ZU ALT KAIRO / (Record no. 12004)
[ view plain ]
| 000 -الفاتح | |
|---|---|
| حقل البيانات ثابتة الطول | 00607nam a2200205Ia 4500 |
| 005 - وقت وتاريخ اخر تعامل مع التسجيلة | |
| رقم الضبط | 20240530095918.0 |
| 008 - عناصر البيانات ثابتة الطول - معلومات عامة | |
| حقل البيانات ثابتة الطول | 140319s9999 xx 000 0 eng d |
| 040 ## - مصدر الفهرسة | |
| وكالة الفهرسة الأصلية | GCL / |
| وكالة النسخ | GCL |
| 082 04 - رقم تصنيف ديوى العشرى | |
| رقم التصنيف | 493.2 |
| رقم المادة | CC/L D |
| 100 1# - المدخل الرئيسى - إسم شخصى | |
| الإسم الشخصى | LABIB, PAHOR |
| 245 10 - بيان العنوان | |
| العنوان | DIE DREI VERSIONEN DES APOKRYPHON DES JOHANNES IM KOPTISCHEN MUSEVM ZU ALT KAIRO / |
| بيان المسئوليه,etc | LABIB, PAHOR |
| 260 ## - PUBLICATION, DISTRIBUTION, ETC. (IMPRINT) | |
| تاريخ النشر أو التوزيع | 1962 |
| 300 ## - الوصف المادى | |
| التعداد | 307P ; |
| أبعاد الوعاء | 32 cm |
| 650 04 - المدخل الاضافى بالموضوع-مصطلح موضوعى | |
| مصطلح موضوعي | COPTIC MUSEUM |
| 650 04 - المدخل الاضافى بالموضوع-مصطلح موضوعى | |
| مصطلح موضوعي | EGYPTOLOGY |
| 650 04 - المدخل الاضافى بالموضوع-مصطلح موضوعى | |
| مصطلح موضوعي | EGYPTIAN LANGUAGE |
| 700 1# - المدخل الاضافى - اسم شخصى | |
| الإسم الشخصى | KRAUSE, MARTIN |
| 942 ## - عناصر المدخل الإضافي( كوها) | |
| مصدر التصنيف او مخطط الترفيف | Dewey Decimal Classification |
| Koha [default] item type | كتاب |
| 260 ## - PUBLICATION, DISTRIBUTION, ETC. (IMPRINT) | |
| -- | [S.N] : |
| -- | IMPRIMERIE DE L INSTITUT GRAPHIQUE EGYPT ، |
| حالة التراجع | حالة الفقد | حالة تلف | ليس للاعارة | المكان المؤقت | الموقع الحالى | تاريخ الاكتساب | اجمالي اﻻعارات | رقم الطلب | الباركود | تاريخ اخر مشاهدة | تاريخ تفعيل السعر | نوع وعاء كوها |
|---|---|---|---|---|---|---|---|---|---|---|---|---|
| مكتبة القاهرة الكبرى | مكتبة القاهرة الكبرى | 03/26/2014 | 493.2 CC\L D | 23543 | 03/26/2014 | 03/26/2014 | كتاب |

